Wandering in Byzantine Thessaloniki
Αποθηκεύτηκε σε:
| Κύριος συγγραφέας: | |
|---|---|
| Άλλοι συγγραφείς: | |
| Μορφή: | Βιβλίο |
| Γλώσσα: | English |
| Δημοσίευση: |
Athens :
Kapon Editions,
1997
|
| Θέματα: | |
| Ετικέτες: |
Προσθήκη ετικέτας
Δεν υπάρχουν, Καταχωρήστε ετικέτα πρώτοι!
|
MARC
| LEADER | 00000cam a2200000 i 4500 | ||
|---|---|---|---|
| 001 | 1/32135 | ||
| 008 | 060711s1997 eng d | ||
| 020 | |a 960-7254-47-3 | ||
| 035 | |l 10084598 | ||
| 040 | |a GR-MY-UA |b gre |e aacr | ||
| 041 | 0 | |a eng | |
| 082 | 0 | |a 914.94956 |2 (22) | |
| 100 | 1 | |a Κουρκουτίδου-Νικολαΐδου, Ευτυχία. | |
| 245 | 1 | 0 | |a Wandering in Byzantine Thessaloniki / |c E. Kourkoutidou-Nikolaidou, A. Tourta |
| 260 | |a Athens : |b Kapon Editions, |c 1997 | ||
| 300 | |a 223 σ.; |b εικ.; |c 22 εκ. | ||
| 504 | |a Περιέχει βιβλιογραφία (σ. 216-222) | ||
| 650 | 0 | 0 | |a Art, Byzantine |z Greece |z Thessalonike |x Guidebooks. |
| 650 | 0 | 0 | |a Architecture, Byzantine |z Greece |z Thessalonike |x Guidebooks. |
| 651 | 0 | |a Thessalonike (Greece) |x Buildings, structures, etc. | |
| 700 | 1 | |a Τούρτα, Αναστασία Γ. | |
| 852 | |a INST |b LESVOS |e 20060711 |h 914.94956 ΚΟΥ |p 005100036251 |q 005100036251 |t BK |y 0 | ||
| 901 | |a BIBL1-2006-2 | ||
| 909 | |a Λ |b 128912 | ||
| 970 | |a ΚΑΡΑ |b ΓΙΑΣΕΜΗ |z 2006/07/11 | ||